Textbook of veterinary internal medicine : (Record no. 22047)
[ view plain ]
| 000 -LEADER | |
|---|---|
| fixed length control field | 00931nam a22002897a 4500 |
| 001 - CONTROL NUMBER | |
| control field | 1107684 |
| 003 - CONTROL NUMBER IDENTIFIER | |
| control field | OSt |
| 005 - DATE AND TIME OF LATEST TRANSACTION | |
| control field | 20210927042635.0 |
| 008 - FIXED-LENGTH DATA ELEMENTS--GENERAL INFORMATION | |
| fixed length control field | 170206b xxu||||| |||| 00| 0 eng d |
| 010 ## - LIBRARY OF CONGRESS CONTROL NUMBER | |
| LC control number | 93031785 |
| 020 ## - INTERNATIONAL STANDARD BOOK NUMBER | |
| International Standard Book Number | 0721667953 (set) |
| 020 ## - INTERNATIONAL STANDARD BOOK NUMBER | |
| International Standard Book Number | 0721667961 (v. 1) |
| 020 ## - INTERNATIONAL STANDARD BOOK NUMBER | |
| International Standard Book Number | 072166797X (v. 2) |
| 040 ## - CATALOGING SOURCE | |
| Original cataloging agency | MMU |
| Transcribing agency | MMU |
| Modifying agency | MMU |
| Language of cataloging | eng |
| 050 00 - LIBRARY OF CONGRESS CALL NUMBER | |
| Classification number | SF991 |
| Item number | .T48 1995 |
| 245 00 - TITLE STATEMENT | |
| Title | Textbook of veterinary internal medicine : |
| Remainder of title | diseases of the dog and cat / |
| Statement of responsibility, etc. | [edited by] Stephen J. Ettinger, Edward C. Feldman. |
| 250 ## - EDITION STATEMENT | |
| Edition statement | 4th ed. |
| 260 ## - PUBLICATION, DISTRIBUTION, ETC. (IMPRINT) | |
| Place of publication, distribution, etc. | Philadelphia : |
| Name of publisher, distributor, etc. | W.B. Saunders, |
| Date of publication, distribution, etc. | c1995. |
| 300 ## - PHYSICAL DESCRIPTION | |
| Extent | 2 v. (lvi, 2145, liii p.) : |
| Other physical details | ill. ; |
| Dimensions | 29 cm. |
| 500 ## - GENERAL NOTE | |
| General note | Includes bibliographical references and indexes. |
| 650 #0 - SUBJECT ADDED ENTRY--TOPICAL TERM | |
| Topical term or geographic name as entry element | Dogs |
| General subdivision | Diseases. |
| 650 #0 - SUBJECT ADDED ENTRY--TOPICAL TERM | |
| Topical term or geographic name as entry element | Cats |
| General subdivision | Diseases. |
| 650 #0 - SUBJECT ADDED ENTRY--TOPICAL TERM | |
| Topical term or geographic name as entry element | Veterinary internal medicine. |
| 700 1# - ADDED ENTRY--PERSONAL NAME | |
| Personal name | Ettinger, Stephen J. |
| 700 1# - ADDED ENTRY--PERSONAL NAME | |
| Personal name | Feldman, Edward C. |
| 942 ## - ADDED ENTRY ELEMENTS (KOHA) | |
| Source of classification or shelving scheme | Library of Congress Classification |
| Koha item type | L |
| Withdrawn status | Lost status | Source of classification or shelving scheme | Damaged status | Not for loan | Home library | Current library | Date acquired | Source of acquisition | Total Checkouts | Full call number | Barcode | Date last seen | Date last checked out | Price effective from | Koha item type |
|---|---|---|---|---|---|---|---|---|---|---|---|---|---|---|---|
| Library of Congress Classification | Maasai Mara University Library -Main Campus | Maasai Mara University Library -Main Campus | 02/06/2017 | Donation -T4C | 2 | SF991 .T48 1995 | 17021927 | 10/22/2019 | 10/08/2019 | 02/06/2017 | L | ||||
| Library of Congress Classification | Maasai Mara University Library -Main Campus | Maasai Mara University Library -Main Campus | 02/07/2017 | Donation -T4C | SF991 .T48 1995 | 17021926 | 02/07/2017 | 02/07/2017 | L |